000
00239nam a2200109Ia 4500
008
190216s9999||||xx |||||||||||||| ||und||
100
_a
Null
245
0
_a
Nations And Empires
260
_b
New Week Books
650
_a
English
942
_c
BK
999
_c
12990
_d
12990